00894cam a2200265 a 4500001000800000005001700008008004100025010001700066020001500083040002300098041000800121060002200129080001300151082002000164100000600184101000800190245013700198246003400335246002200369504005100391906004500442942001200487999001700499952011200516492313020180105050920.0950227s1995 gauaf b 001 0 eng c a 95000132  a0944235107 aDNLM/DLCcDLCdDLC aeng10aQZ 200 A5127 1995 a616.994 00a616.994 MUR220 a6 aONK00aAmerican Cancer Society textbook of clinical oncology /c[edited by] Gerald P. Murphy, Walter Lawrence, Jr., Raymond E. Lenhard, Jr.30aTextbook of clinical oncology30aClinical oncology aIncludes bibliographical references and index. a7bcbccorignewd1eocipf19gy-gencatlg 2ddccBK c39795d39795 00102udc40708PËKGa002b002cKLMd2018-01-05l0o616.994 MURp002-2994961r2018-01-05w2018-01-05yBK